Riconosci lo Stato - Quiz n°158 - Statistics

Statistiche generali
  • Questo quiz è stato fatto 22 volte
  • Il punteggio medio è 10 su 12
Statistiche sulle risposte
Indizio Risposta % Corretto
Indipendenza dal Regno Unito 29 giugno 1976
94%
Fuso Orario UTC+4
94%
Iniziale della Capitale V
94%
Presidente della Repubblica Wavel Ramkalawan
94%
Valuta Rupia
89%
Popolazione 95 652 ab.
83%
Superficie 455 km²
78%
Forma di Governo Repubblica presidenziale
78%
ISU 0,796
72%
Tasso di crescita 0,922%
61%
PIL (nominale) 1 564 milioni di $
61%
Risposta Seychelles
56%
Nessun quiz corrispondente trovato
Distribuzione punteggi
Percentuale di utenti per punteggio
Percentile per numero di risposta
I tuoi punteggi nel tempo
Non hai fatto questo quiz